O bateleur (Record no. 45767)

MARC details
000 -Etiqueta do registo
Valores 00500cam a2200193 4500
010 ## - Número ISBN
ISBN 9725990412
021 ## - Número do Depósito Legal
Código do país Portugal
Número 61286/92
100 ## - Dados gerais de processamento
Dados gerais 19940615d1992 m y0pory5003 ba
102 ## - País de publicação
País Portugal
200 1# - Titulo e menção de responsabilidade
Título próprio O bateleur
Primeira menção de responsabilidade António Telmo
210 #9 - Publicação
Local de publicação Lisboa
Nome do editor Átrio,
Data de publicação 1992 [D.L. 1994]
215 ## - Descrição física 
Paginação / Volumes 58, [3] p.
Outras indicações físicas il.
Dimensões 20 cm
225 2# - Colecção 
Título próprio da colecção ˆO ‰chão do touro
Indicação de volume 2
675 ## - CDU
Notação 821.134.3.09
Edição BN
Língua por
700 #1 - Autor principal (pessoa individual)
Apelido Telmo,
Nome António,
Datas 1927-2010
801 #0 - Fonte de origem
País PT
Agência BN
Regras de catalogação RPC
990 ## - Elementos KOHA
Tipo de documento Livro
Holdings
Estado Biblioteca de origem Código de barras Cota Permissão de empréstimo Tipo de documento Nota relativa ao exemplar Empréstimo Forma de aquisição
  Biblioteca Municipal de Redondo 054160 821.134.3.09 TEL   MON carece de verificação na classificação Biblioteca Municipal de Redondo  

Powered by Koha